| 000 | 00763nam a2200253 i 4500 | ||
|---|---|---|---|
| 001 | 9490 | ||
| 003 | ES-MaACL | ||
| 005 | 20250829034407.0 | ||
| 007 | t| | ||
| 008 | 931001s1993 sp ||||1| spa d | ||
| 020 | _a84-322-0685-7 | ||
| 080 | _a86-92"19" | ||
| 080 | _a86(Muñoz Molina,A.7 R.01) | ||
| 100 | 1 |
_aMuñoz Molina, Antonio, _d1956- _984461 |
|
| 245 | 1 | 3 |
_aEl Robinson urbano / _cAntonio Muñoz Molina ; prólogo de Pere Gimferrer. |
| 250 | _a[1a.ed.]. | ||
| 260 |
_aBarcelona : _bSeix Barral, _c1993. |
||
| 300 |
_a144 p. ; _c20 cm. |
||
| 490 | 1 | _aBiblioteca breve | |
| 700 | 0 |
_aGimferrer, Pere, _d1945- _957102 |
|
| 830 | 0 |
_aBiblioteca breve (Seix Barral) _9227188 |
|
| 852 |
_aES-MaACL _jL-16936 _bR.121550 |
||
| 999 |
_c9490 _d9490 |
||